Countries that are on Multiple Continents - Statistics

General Stats
  • This quiz has been taken 32 times
    21 since last reset
  • The average score is 18 of 22
Answer Stats
On Which Continents? Answer % Correct
Europe, Asia Russia
100%
Europe, Oceania, North America, South America, Africa, Antarctica France
94%
Europe, Africa Spain
94%
Europe, Asia Turkey
94%
Europe, Oceania, North America, South America, Asia, Africa, Antarctica United Kingdom
94%
Oceania, Antarctica Australia
88%
Europe, North America Denmark
88%
Asia, Africa Egypt
88%
Oceania, Antarctica New Zealand
88%
South America, Antarctica Argentina
82%
Oceania, Asia Indonesia
82%
North America, South America Panama
82%
Europe, Africa Italy
76%
Europe, North America, South America Netherlands
76%
Europe, Africa Portugal
76%
Oceania, North America United States
76%
Oceania, South America, Antarctica Chile
71%
Europe, Antarctica Norway
65%
North America, South America Venezuela
65%
Asia, Africa Yemen
65%
Europe, Asia Kazakhstan
59%
Europe, Asia Greece
53%
No matching quizzes found
Score Distribution
Percent of People with Each Score
Percentile by Number Answered
Your Score History
You have not taken this quiz since the last reset